| 000 | 00577 a2200181 4500 | ||
|---|---|---|---|
| 020 | _a0060935839 | ||
| 040 |
_aDLC _bDLC |
||
| 082 | 0 | 0 | _a291.44 |
| 100 | 1 | _aDyer, Wayne W. | |
| 245 | 1 | 0 |
_aYour sacred self: making the decision to be free _bmaking the decision to be free _cWayne W. Dyer. |
| 260 |
_aNew York : _bQuill, _c2001. |
||
| 300 |
_a379 p. ; _c21 cm. |
||
| 500 | _aIncludes index. | ||
| 500 | _aOriginally published: New York : HarperCollinsPublishers, c1995. | ||
| 650 | 0 | _aSelf-actualization (Psychology) | |
| 650 | 0 | _aSpiritual life. | |
| 942 |
_cBK _k291.44 DYE _2ddc |
||
| 999 |
_c9763 _d9763 |
||